000
00202 a2200109 4500
020
_a
9780061288777
041
_a
spa
100
_a
Lopez, Rafael
245
_a
Book Fiesta
942
_c
BK
952
_7
1
999
_c
16826
_d
16826